Normal view
MARC view
- Stephen Brown
Entry Personal Name
001 - CONTROL NUMBER
- control field: 124535
003 - CONTROL NUMBER IDENTIFIER
- control field: NUST
005 - DATE AND TIME OF LATEST TRANSACTION
- control field: 20240718102203.0
008 - FIXED-LENGTH DATA ELEMENTS
- fixed length control field: 240718|| aca||aabn | a|a d
040 ## - CATALOGING SOURCE
- Original cataloging agency: NUST
- Transcribing agency: NUST
100 ## - HEADING--PERSONAL NAME
- Personal name: Stephen Brown
670 ## - SOURCE DATA FOUND
- Source citation: Work cat.: (NUST): Stephen Brown , Fundamentals of Digital Logic With Verilog Design, 2003.
